000 00505nam a2200145 i 4500
001 41424
003 ES-MaACL
007 t|
008 030310s1930 it ||||1| ita d
100 1 _aCastelfranchi, Gaetano.
_936482
245 1 0 _aFĂ­sica moderna
_b: visione sintetica, friamomente esposta della fisica d'oggi e dei lavori dei maggiori disici contemporanei /
_cGaetano Castelfranchi.
260 _aMilano :
_b[Unione Tipografico],
_c1930.
300 _aX, 855 p. ;
_c24 cm.
852 _aES-MaACL
_jB-3472
999 _c41424
_d41424